Vale la pena mentir?
Պահպանված է:
| Հիմնական հեղինակ: | |
|---|---|
| Ձևաչափ: | Գիրք |
| Լեզու: | իսպաներեն |
| Հրապարակվել է: |
Santiago
Lom
2007
|
| Խորագրեր: | |
| Ցուցիչներ: |
Ավելացրեք ցուցիչ
Չկան պիտակներ, Եղեք առաջինը, ով նշում է այս գրառումը!
|
MARC
| LEADER | 00000nam a2200000 a 4500 | ||
|---|---|---|---|
| 001 | UCI7671 | ||
| 003 | CL-VaPUC | ||
| 008 | 080718e20070000CL |||||||||||||||||spa|d | ||
| 020 | |a 9789562829090 | ||
| 082 | 0 | 4 | |a 155.422 |b MIL |2 21 |
| 100 | |a Milicic Müller, Neva |e autora |9 591309 | ||
| 245 | 1 | 0 | |a Vale la pena mentir? |
| 300 | |a 27 p | ||
| 942 | |c BK | ||
| 945 | |d 20080718 00:00:00 |a rbrito | ||
| 260 | |a Santiago |b Lom |c 2007 | ||
| 650 | 0 | |a Psicología del niño |9 307305 | |
| 650 | 0 | |a Autoestima |9 308492 | |
| 650 | 0 | |a Niños |9 255605 | |
| 583 | |a last modification |c 20080718 00:00:00 |k Rodrigo Vera | ||
| 999 | |c 330861 |d 330859 | ||
| 952 | |0 0 |1 0 |4 0 |6 155_422000000000000_MIL_2007 |7 0 |8 A |9 416760 |a BIBEDU |b BIBEDU |d 2019-11-22 |i 4459458 |o 155.422 MIL 2007 |p 4459458 |r 2019-11-22 |w 2019-11-22 |y BK |k EBA | ||
| 952 | |0 0 |1 0 |4 0 |6 155_422000000000000_MIL_2007 |7 0 |8 A |9 416761 |a BIBEDU |b BIBEDU |d 2019-11-22 |i 4468651 |o 155.422 MIL 2007 |p 4468651 |r 2019-11-22 |w 2019-11-22 |y BK |k EBA | ||